| 000 | 00418nam a2200157Ia 4500 | ||
|---|---|---|---|
| 008 | 230312s9999||||xx |||||||||||||| ||und|| | ||
| 020 | _a1-25-900409-4 | ||
| 082 |
_a729 _bDEC-I |
||
| 100 | _aDechiara;Joseph | ||
| 245 | 0 | _aInterior Design and Space Planning | |
| 260 |
_bTata McGraw Hill _aIndia _c2011 |
||
| 300 | _a1689 | ||
| 546 | _aEng. | ||
| 650 |
_aArchitecture _vInterior Design and Space Planning |
||
| 942 | _cBK | ||
| 999 |
_c8316 _d8316 |
||